Phân vùng kinh tế

Na minha lista:
Detalhes bibliográficos
Autor principal: Trịnh Thanh Sơn
Formato: Livro
Idioma:Undetermined
Publicado em: Tp. HCM Trường Đại học sư phạm Tp. HCM 1986
Assuntos:
Tags: Adicionar Tag
Sem tags, seja o primeiro a adicionar uma tag!
Thư viện lưu trữ: Trung tâm Học liệu Trường Đại học Cần Thơ
LEADER 00534nam a2200181Ia 4500
001 CTU_5388
008 210402s9999 xx 000 0 und d
082 |a 333.73 
082 |b S464 
100 |a Trịnh Thanh Sơn 
245 0 |a Phân vùng kinh tế 
245 0 |c Trịnh Thanh Sơn 
260 |a Tp. HCM 
260 |b Trường Đại học sư phạm Tp. HCM 
260 |c 1986 
650 |a economic geography 
904 |i Nguyễn Quang Điền, 960715 
980 |a Trung tâm Học liệu Trường Đại học Cần Thơ